000
00207 a2200097 4500
001
12595
100
_a
Mckinney,B
245
_a
Hardcore Visual Basic
260
_a
_b
Microsoft Press
_c
090
_c
9606
_d
9606
942
_a
NUST-CAE
_c
M
_c
36496
999
_c
247668
_d
247668